[Event "Wch U10 Girls"]
[Site "Weifang"]
[Date "2019.08.21"]
[Round "1"]
[White "Pazylbekova, Nurzhamal"]
[Black "Lee, Alice"]
[Result "0-1"]
[WhiteElo "1123"]
[BlackElo "1822"]
[PlyCount "74"]
[EventDate "2019.08.21"]
[EventType "swiss"]
[EventRounds "11"]
[EventCountry "CHN"]
[SourceTitle "EXT 2020"]
[Source "ChessBase"]
[SourceDate "2019.10.17"]
[SourceVersion "1"]
[SourceVersionDate "2019.10.17"]
[SourceQuality "1"]

1. e4 c5 2. Nf3 e6 3. Nc3 Nc6 4. d3 d5 5. Bf4 Nf6 6. Qc1 Be7 7. Be2 Nd4 8. Bd1 0-0 9. 0-0 a6 10. Re1 dxe4 11. Nxe4 Nd5 12. Bd2 Nc6 13. Nc3 b5 14. Nxd5 exd5 15. Ne5 Bb7 16. Nxc6 Bxc6 17. Bf3 Bf6 18. Bf4 Qd7 19. Be5 Be7 20. Qd2 f6 21. Bg3 Rae8 22. h3 f5 23. Bf4 Bb7 24. Rac1 Bf6 25. Rb1 Rxe1+ 26. Qxe1 g5 27. Bd2 g4 28. hxg4 fxg4 29. Be2 Bh4 30. g3 d4 31. Kh2 Qd5 32. Qg1 Bg5 33. Be1 Rf6 34. Bxg4 Rh6+ 35. Bh3 Qf3 36. Ba5 Rxh3+ 37. Kxh3 Qh5# 0-1